Online Catalogue and eLibrary

The Gender of Power (Record no. 1423)

MARC details
000 -LEADER
fixed length control field 00493nam a2200205Ia 4500
005 - DATE AND TIME OF LATEST TRANSACTION
control field 20241219043353.0
008 - FIXED-LENGTH DATA ELEMENTS--GENERAL INFORMATION
fixed length control field 240331s9999 xx 000 0 und d
020 ## - INTERNATIONAL STANDARD BOOK NUMBER
ISBN 0803985436
082 ## - DDC Classification
Item Number - Author Mark KAT
DDC Edition Number 1153
Class No. 305
245 #4 - TITLE STATEMENT
Title The Gender of Power
260 ## - PUBLICATION, DISTRIBUTION, ETC.
Place of publication, distribution, etc. London
Name of publisher, distributor, etc. SAGE Publications Ltd
Date of publication, distribution, etc. 1991
300 ## - PHYSICAL DESCRIPTION
Extent (e.g. Volumes, Pages etc.) x, 198 p.,
650 ## - SUBJECT ADDED ENTRY--TOPICAL TERM
Topical term or geographic name entry element Women
650 ## - SUBJECT ADDED ENTRY--TOPICAL TERM
Topical term or geographic name entry element Feminism
650 ## - SUBJECT ADDED ENTRY--TOPICAL TERM
Topical term or geographic name entry element Gender
700 ## - ADDED ENTRY--PERSONAL NAME
Personal name Davis, K
Relator term (Role) Editor
700 ## - ADDED ENTRY--PERSONAL NAME
Personal name Leijenaar, M
Relator term (Role) Editor
700 ## - ADDED ENTRY--PERSONAL NAME
Personal name Oldersma, J
Relator term (Role) Editor
942 ## - Koha item type (Biblio)
Koha item type Books in Stacks (Lending)
Holdings
Lost status Damaged status Collection code Home library Current library Shelving location Date acquired Full call number Accession Number Item type
    Lending WERC Library WERC Library Social Science Cupboard 03/31/2024 305 DAV 1153 Books in Stacks (Lending)

© WERC Library